000
00247nam a2200109Ia 4500
008
220204s9999 xx 000 0 und d
082
_a
82-3
_b
LEV
100
_a
Levin, Ira
245
0
_a
This perfect day
260
_a
London
_b
Pan
_c
1978
942
_c
BK
999
_c
32625
_d
32625